000 00477nam a2200157Ia 4500
008 160316s2006 xxu||||| |||| 00| 0 eng d
082 _a341.770000
_bGRA
100 _aGrant John P
245 _aInternational criminal law deskbook
250 _a
260 _aLondon
_bCavendish Publishing Ltd.
_c2006
300 _a551p
_b
_cxiii
365 _b Rs.3,242
650 _a1. International Criminal Law - Jurisdiction 2. International Crimes - Deskbook
700 _aBarker Craig
_a
999 _c23497
_d23497